| 000 | 00616nam a2200181Ia 4500 | ||
|---|---|---|---|
| 005 | 20250423095942.0 | ||
| 008 | 250422s9999 xx 000 0 und d | ||
| 020 | _a9781754559 | ||
| 050 | _aP 57 .N6 .L353/ | ||
| 100 | _aOluikpe, Benson | ||
| 245 | 0 | _aLanguage and literature in a developing country : essays in honour of Professor B.O.A. Oluikpe | |
| 260 | _aOnitsha | ||
| 260 | _bPress Books | ||
| 260 | _c2007 | ||
| 300 | _a355 p | ||
| 650 | _aOluikpe, Benson Omenihu A. Language and languages--Study and teaching--Nigeria. Nigerian literature--Study and teaching. Language policy--Nigeria. | ||
| 942 | _cBK | ||
| 999 |
_c31836 _d31836 |
||